[Event "Mitropa Online Cup Open 2021"]
[Site "Hybrid"]
[Date "2021.05.04"]
[Round "2.12"]
[White "Sonis, Francesco"]
[Black "Haring, Filip"]
[Result "1-0"]
[WhiteElo "2493"]
[BlackElo "2376"]
[Annotator "ChessBase"]
[PlyCount "71"]
[EventDate "2021.05.04"]
[EventType "team-tourn"]
[EventCountry "NET"]
[SourceTitle "playchess.com"]
[Source "ChessBase"]
[SourceQuality "1"]
[WhiteTeam "Italy"]
[BlackTeam "Slovakia"]
[WhiteTeamCountry "ITA"]
[BlackTeamCountry "SVK"]
[TimeControl "40/5400+30:1800+30"]

1. d4 {[%emt 0:00:00]} Nf6 {[%emt 0:00:06]} 2. c4 {[%emt 0:00:04]} c5 {[%emt 0:00:09]} 3. d5 {[%emt 0:00:15]} e6 {[%emt 0:00:11]} 4. Nc3 {[%emt 0:00:03]} exd5 {[%emt 0:00:13]} 5. cxd5 {[%emt 0:00:04]} d6 {[%emt 0:00:11]} 6. e4 {[%emt 0:00:04]} g6 {[%emt 0:00:10]} 7. f4 {[%emt 0:00:08]} Bg7 {[%emt 0:00:09]} 8. Bb5+ {[%emt 0:00:04]} Nfd7 {[%emt 0:00:10]} 9. a4 {[%emt 0:00:05]} Na6 {[%emt 0:00:11]} 10. Nf3 {[%emt 0:00:23]} Nb4 {[%emt 0:00:17]} 11. O-O {[%emt 0:00:05]} a6 {[%emt 0:00:15]} 12. Be2 {[%emt 0:00:36]} O-O {[%emt 0:00:25]} 13. Be3 {[%emt 0:01:16]} Nf6 {[%emt 0:00:22]} 14. Nd2 {[%emt 0:00:27]} Rb8 {[%emt 0:01:19]} 15. Bf2 {[%emt 0:03:51]} b5 {[%emt 0:04:55]} 16. axb5 {[%emt 0:02:39]} axb5 {[%emt 0:00:24]} 17. Bh4 {[%emt 0:06:17]} Qe8 {[%emt 0:04:43]} 18. Kh1 {[%emt 0:08:40]} c4 {[%emt 0:11:53]} 19. Ra7 {[%emt 0:13:29]} Bb7 {[%emt 0:30:36]} 20. Ra5 {[%emt 0:11:11]} Ba8 {[%emt 0:04:27]} 21. b3 {[%emt 0:07:27]} Ng4 {[%emt 0:15:02]} 22. Bxg4 {[%emt 0:09:56]} Bxc3 {[%emt 0:00:18]} 23. bxc4 {[%emt 0:05:06]} Bxd2 {[%emt 0:16:05]} 24. Qxd2 {[%emt 0:00:20]} bxc4 {[%emt 0:00:04]} 25. Bf3 {[%emt 0:01:31]} f6 {[%emt 0:02:34]} 26. Rxa8 {[%emt 0:05:19]} Rxa8 {[%emt 0:00:47]} 27. Qxb4 {[%emt 0:00:04]} g5 {[%emt 0:02:41]} 28. fxg5 {[%emt 0:01:32]} fxg5 {[%emt 0:00:08]} 29. Bxg5 {[%emt 0:00:04]} Qxe4 {[%emt 0:00:43]} 30. h3 {[%emt 0:00:53]} Qe5 {[%emt 0:01:48]} 31. Bc1 {[%emt 0:07:17]} c3 {[%emt 0:00:51]} 32. Qh4 {[%emt 0:01:44]} Ra1 {[%emt 0:01:40]} 33. Re1 {[%emt 0:00:34]} Qg7 {[%emt 0:01:58]} 34. Bg4 {[%emt 0:04:52]} c2 {[%emt 0:00:34]} 35. Kh2 {[%emt 0:00:38]} Qc3 {[%emt 0:00:39]} 36. Re7 {[%emt 0:00:22]} 1-0

[Event "Mitropa Online Cup Open 2021"]
[Site "Hybrid"]
[Date "2021.05.04"]
[Round "2.13"]
[White "Babula, Vlastimil"]
[Black "Sebenik, Matej"]
[Result "1/2-1/2"]
[WhiteElo "2559"]
[BlackElo "2498"]
[Annotator "ChessBase"]
[PlyCount "66"]
[EventDate "2021.05.04"]
[EventType "team-tourn"]
[EventCountry "NET"]
[SourceTitle "playchess.com"]
[Source "ChessBase"]
[SourceQuality "1"]
[WhiteTeam "Czech Republic"]
[BlackTeam "Slovenia"]
[WhiteTeamCountry "CZE"]
[BlackTeamCountry "SLO"]
[TimeControl "40/5400+30:1800+30"]

1. d4 {[%emt 0:00:00]} Nf6 {[%emt 0:00:09]} 2. c4 {[%emt 0:00:19]} g6 {[%emt 0:00:23]} 3. Nc3 {[%emt 0:01:08]} Bg7 {[%emt 0:00:12]} 4. e4 {[%emt 0:03:22]} d6 {[%emt 0:00:09]} 5. Nf3 {[%emt 0:00:32]} O-O {[%emt 0:00:09]} 6. Be2 {[%emt 0:00:21]} e5 {[%emt 0:00:47]} 7. d5 {[%emt 0:00:57]} Na6 {[%emt 0:01:56]} 8. Nd2 {[%emt 0:01:27]} c6 {[%emt 0:00:13]} 9. Rb1 {[%emt 0:10:55]} Bd7 {[%emt 0:01:21]} 10. b4 {[%emt 0:07:50]} cxd5 {[%emt 0:17:24]} 11. exd5 {[%emt 0:13:42]} Ne8 {[%emt 0:21:49]} 12. O-O {[%emt 0:06:31]} f5 {[%emt 0:00:55]} 13. a4 {[%emt 0:19:00]} e4 {[%emt 0:09:10]} 14. Nb5 {[%emt 0:00:38]} Nac7 {[%emt 0:06:54]} 15. f4 {[%emt 0:06:42]} Bxb5 {[%emt 0:13:52]} 16. axb5 {[%emt 0:00:48]} a6 {[%emt 0:00:15]} 17. bxa6 {[%emt 0:05:41]} Nxa6 {[%emt 0:00:08]} 18. Kh1 {[%emt 0:01:00]} Qe7 {[%emt 0:03:52]} 19. Rb3 {[%emt 0:03:09]} Kh8 {[%emt 0:02:35]} 20. Nb1 {[%emt 0:00:59]} Nac7 {[%emt 0:04:14]} 21. Be3 {[%emt 0:03:24]} Ra1 {[%emt 0:06:07]} 22. Ra3 {[%emt 0:03:25]} Rxa3 {[%emt 0:00:21]} 23. Nxa3 {[%emt 0:00:09]} Nf6 {[%emt 0:00:27]} 24. Qb3 {[%emt 0:01:49]} Ra8 {[%emt 0:01:08]} 25. h3 {[%emt 0:04:16]} h5 {[%emt 0:01:42]} 26. Rd1 {[%emt 0:00:44]} Qd7 {[%emt 0:01:38]} 27. Bb6 {[%emt 0:00:53]} Qc8 {[%emt 0:01:41]} 28. Nc2 {[%emt 0:01:05]} Nd7 {[%emt 0:01:04]} 29. Bf2 {[%emt 0:00:43]} Qf8 {[%emt 0:01:49]} 30. Nd4 {[%emt 0:01:59]} Nf6 {[%emt 0:00:15]} 31. Nc2 {[%emt 0:00:29]} Nd7 {[%emt 0:00:07]} 32. Nd4 {[%emt 0:00:25]} Nf6 {[%emt 0:00:03]} 33. Nc2 {[%emt 0:00:40]} Nd7 {[%emt 0:00:05]} 1/2-1/2

[Event "Mitropa Online Cup Open 2021"]
[Site "Hybrid"]
[Date "2021.05.04"]
[Round "2.14"]
[White "Markoja, Boris"]
[Black "Krejci, Jan"]
[Result "1/2-1/2"]
[WhiteElo "2442"]
[BlackElo "2540"]
[Annotator "TA"]
[PlyCount "146"]
[EventDate "2021.05.04"]
[EventType "team-tourn"]
[EventCountry "NET"]
[SourceTitle "playchess.com"]
[Source "ChessBase"]
[SourceQuality "1"]
[WhiteTeam "Slovenia"]
[BlackTeam "Czech Republic"]
[WhiteTeamCountry "SLO"]
[BlackTeamCountry "CZE"]

{[%evp 9,146,27,18,25,29,13,23,19,18,26,31,23,20,26,22,24,24,16,35,28,30,22,16,12,20,20,14,0,23,22,20,29,25,17,25,7,10,0,0,0,0,0,8,0,4,-19,0,-10,-6,-21,-21,-33,-35,-42,-23,-43,-23,-48,-51,-105,-82,-92,-106,-110,-105,-132,-125,-126,-140,-141,-127,-195,-165,-254,-251,-381,-391,-412,-412,-412,-407,-383,-389,-309,-139,-127,0,-326,-269,-261,0,0,0,0,0,0,0,0,0,0,0,0,0,0,0,0,0,0,0,0,0,0,0,0,0,0,0,0,0,0,0,0,0,0,0,-6,-43,-43,0,0,0,0,0,0,0,0,0,0,0]} 1. d4 d5 2. c4 e6 3. Nf3 a6 4. Bg5 Be7 5. Bxe7 Qxe7 6. Nbd2 {D30: Queen's Gambit Declined: Systems without Nc3.} Nf6 7. g3 O-O 8. Bg2 {White has an edge.} c5 9. cxd5 exd5 10. dxc5 Qxc5 11. O-O Nc6 12. Nb3 Qb6 13. Nfd4 {[#]} Ne5 $146 ({Predecessor:} 13... Re8 14. Rc1 Bg4 15. h3 Nxd4 16. Nxd4 Bh5 17. b3 Ne4 18. Bf3 Bxf3 19. exf3 Ng5 {½-½ (46) Leenhouts,K (2411)-Fontaine,Q (2335) Belgium 2020}) 14. Qc1 Bg4 15. h3 Bd7 16. Qc5 Qd8 17. Qb4 b6 18. Nd2 a5 19. Qd6 Qb8 20. Qxb8 Raxb8 21. Rac1 Rfc8 22. b3 Rc5 23. N2f3 Nxf3+ 24. Nxf3 Rbc8 25. Rxc5 bxc5 26. Rc1 Kf8 27. Nd2 Be6 28. f4 h5 29. Kf2 Ke7 30. Ke3 g6 31. Kf2 Bf5 32. Re1 Kd6 33. Rd1 Kc7 34. Nb1 ({Better is} 34. Nf1 $15) 34... Bxb1 35. Rxb1 $17 {[%mdl 4096] Endgame KRB-KRN} Re8 36. Rd1 Kc6 37. Bf3 {[#]} Ne4+ $1 38. Bxe4 Rxe4 {KR-KR} 39. Kf3 f5 40. e3 (40. Rg1 $17) 40... a4 41. Rd3 {[#]} (41. Ra1 $142) 41... Rb4 $1 $19 42. g4 (42. Rc3 $142) 42... h4 43. Rc3 axb3 44. axb3 c4 45. bxc4 dxc4 46. Ra3 Kb5 {Hoping for ...Ra4.} 47. Ra8 c3 (47... fxg4+ $17 48. hxg4 c3) 48. Ke2 $2 {[%mdl 8192]} (48. gxf5 $11 gxf5 49. Ke2) 48... Rc4 {aiming for ...c2.} 49. Kd1 Re4 $2 (49... fxg4 $19 50. hxg4 Ra4) 50. gxf5 $11 gxf5 51. Ke2 Rc4 {Strongly threatening ...c2.} 52. Kd1 Re4 (52... c2+ {feels hotter.} 53. Kc1 Re4 54. Rf8 Rxe3 55. Rxf5+ Kc4) 53. Ke2 Rc4 54. Kd1 c2+ 55. Kc1 Kb4 56. Re8 Kc3 {White must now prevent ...Rb4.} 57. Re5 $1 Ra4 {[%cal Ra4a1]} 58. Rc5+ Kd3 59. Rd5+ Kc3 {[%cal Ra4a1]} ({Don't take} 59... Kxe3 60. Rxf5 Rxf4 61. Re5+ Kd3 62. Rd5+ Ke4 63. Rb5 $17) 60. Rc5+ Kd3 {( -> ...Ra1+)} 61. Rd5+ Kxe3 (61... Ke4 {seems wilder.} 62. Re5+ Kd3 63. Rd5+) 62. Rxf5 Rxf4 (62... Kd3 {with more complications.} 63. Rd5+ Kc3 64. Rc5+ Kd4 65. Rh5 Ra3) 63. Rc5 Rf3 {...Kf2 is the strong threat.} (63... Kd3 {is interesting.} 64. Rc3+ Ke2 65. Rxc2+ Ke1 66. Rc3 Rd4) 64. Kxc2 Kf2 (64... Rf2+ {looks sharper.} 65. Kc1 Rf4 66. Kc2 Rd4 67. Rh5 Rc4+) 65. Kd2 Rxh3 66. Rh5 Rh1 67. Rf5+ $1 Kg3 68. Ke2 $1 h3 (68... Ra1 {is more complex.} 69. Rg5+ Kf4 70. Rh5 Ra2+ 71. Kf1 Kg3) 69. Rf3+ {The position is equal.} Kg4 (69... Kg2 $5 70. Rf2+ $8 Kg3 71. Rf3+ Kh4 72. Rf4+ Kg5 $11) 70. Rf1 Rh2+ 71. Rf2 Rxf2+ (71... Rh1 $5 72. Rf1 $8 Rxf1 73. Kxf1 Kh5 $11) 72. Kxf2 h2 73. Kg2 h1=N {Black had all chances to win.  Weighted Error Value: White=0.23/Black=0.13} 1/2-1/2

[Event "Mitropa Online Cup Open 2021"]
[Site "Hybrid"]
[Date "2021.05.04"]
[Round "2.15"]
[White "Kriebel, Tadeas"]
[Black "Spalir, Jernej"]
[Result "1-0"]
[WhiteElo "2527"]
[BlackElo "2389"]
[Annotator "ChessBase"]
[PlyCount "87"]
[EventDate "2021.05.04"]
[EventType "team-tourn"]
[EventCountry "NET"]
[SourceTitle "playchess.com"]
[Source "ChessBase"]
[SourceQuality "1"]
[WhiteTeam "Czech Republic"]
[BlackTeam "Slovenia"]
[WhiteTeamCountry "CZE"]
[BlackTeamCountry "SLO"]
[TimeControl "40/5400+30:1800+30"]

1. e4 {[%emt 0:00:00]} e5 {[%emt 0:00:07]} 2. Nf3 {[%emt 0:00:05]} Nc6 {[%emt 0:00:07]} 3. Bb5 {[%emt 0:00:07]} a6 {[%emt 0:00:08]} 4. Ba4 {[%emt 0:00:04]} Nf6 {[%emt 0:00:06]} 5. O-O {[%emt 0:00:06]} Be7 {[%emt 0:00:31]} 6. d3 {[%emt 0:00:15]} b5 {[%emt 0:00:11]} 7. Bb3 {[%emt 0:00:05]} d6 {[%emt 0:00:05]} 8. a3 {[%emt 0:00:09]} O-O {[%emt 0:00:07]} 9. Nc3 {[%emt 0:00:10]} Na5 {[%emt 0:01:35]} 10. Ba2 {[%emt 0:00:06]} Be6 {[%emt 0:00:05]} 11. b4 {[%emt 0:00:13]} Bxa2 {[%emt 0:00:07]} 12. Rxa2 {[%emt 0:01:32]} Nc6 {[%emt 0:00:07]} 13. Bg5 {[%emt 0:00:07]} Nd7 {[%emt 0:00:08]} 14. Be3 {[%emt 0:00:19]} Nf6 {[%emt 0:04:21]} 15. h3 {[%emt 0:04:45]} Re8 {[%emt 0:19:21]} 16. Re1 {[%emt 0:14:28]} h6 {[%emt 0:11:15]} 17. Qb1 {[%emt 0:00:10]} Qc8 {[%emt 0:03:04]} 18. Qb3 {[%emt 0:04:44]} Qb7 {[%emt 0:02:55]} 19. Rb1 {[%emt 0:06:48]} Nb8 {[%emt 0:05:08]} 20. a4 {[%emt 0:03:34]} c6 {[%emt 0:02:49]} 21. Rba1 {[%emt 0:04:25]} Nbd7 {[%emt 0:05:10]} 22. axb5 {[%emt 0:00:59]} cxb5 {[%emt 0:00:05]} 23. Nh4 {[%emt 0:02:07]} Nxe4 {[%emt 0:14:35]} 24. Qd5 {[%emt 0:04:14]} Qxd5 {[%emt 0:03:38]} 25. Nxd5 {[%emt 0:00:08]} Bxh4 {[%emt 0:00:07]} 26. dxe4 {[%emt 0:00:06]} Rec8 {[%emt 0:00:55]} 27. Rxa6 {[%emt 0:27:20]} Rxa6 {[%emt 0:00:34]} 28. Rxa6 {[%emt 0:00:06]} Rxc2 {[%emt 0:01:42]} 29. g3 {[%emt 0:02:59]} Bg5 {[%emt 0:01:50]} 30. Bxg5 {[%emt 0:00:05]} hxg5 {[%emt 0:00:03]} 31. Rxd6 {[%emt 0:00:05]} Nf6 {[%emt 0:11:00]} 32. Nxf6+ {[%emt 0:00:11]} gxf6 {[%emt 0:00:03]} 33. Rxf6 {[%emt 0:00:04]} Rc4 {[%emt 0:01:27]} 34. Rf5 {[%emt 0:00:08]} Rxe4 {[%emt 0:00:04]} 35. Rxg5+ {[%emt 0:00:14]} Kf8 {[%emt 0:00:36]} 36. Rg4 {[%emt 0:00:19]} Re1+ {[%emt 0:01:31]} 37. Kg2 {[%emt 0:00:30]} Rb1 {[%emt 0:02:15]} 38. h4 {[%emt 0:01:41]} Ke7 {[%emt 0:01:29]} 39. h5 {[%emt 0:00:39]} f5 {[%emt 0:00:05]} 40. h6 {[%emt 0:00:00]} fxg4 {[%emt 0:00:00]} 41. h7 {[%emt 0:01:48]} Rxb4 {[%emt 0:03:57]} 42. h8=Q {[%emt 0:00:06]} Ke6 {[%emt 0:00:02]} 43. Qg8+ {[%emt 0:00:26]} Kd7 {[%emt 0:00:20]} 44. Qd5+ {[%emt 0:00:06]} 1-0

[Event "Mitropa Online Cup Open 2021"]
[Site "Hybrid"]
[Date "2021.05.04"]
[Round "2.16"]
[White "Dobrovoljc, Vid"]
[Black "Finek, Vaclav"]
[Result "1/2-1/2"]
[WhiteElo "2377"]
[BlackElo "2361"]
[Annotator "NA"]
[PlyCount "58"]
[EventDate "2021.05.04"]
[EventType "team-tourn"]
[EventCountry "NET"]
[SourceTitle "playchess.com"]
[Source "ChessBase"]
[SourceQuality "1"]
[WhiteTeam "Slovenia"]
[BlackTeam "Czech Republic"]
[WhiteTeamCountry "SLO"]
[BlackTeamCountry "CZE"]
[TimeControl "40/5400+30:1800+30"]

1. d4 {[%emt 0:00:00]} Nf6 {[%emt 0:00:22]} 2. Bf4 {[%emt 0:00:56]} g6 {[%emt 0:00:54]} 3. Nc3 {[%emt 0:00:35]} Bg7 {[%emt 0:01:29]} 4. e4 {[%emt 0:01:08]} d6 {[%emt 0:01:25]} 5. Qd2 {[%emt 0:00:52]} c5 {[%emt 0:08:33]} 6. dxc5 {[%emt 0:06:21]} dxc5 {[%emt 0:01:15]} 7. Qxd8+ {[%emt 0:07:09]} Kxd8 {[%emt 0:00:11]} 8. Bc4 {[%emt 0:05:55]} Be6 {[%emt 0:34:22]} 9. Bxe6 {[%emt 0:06:22]} fxe6 {[%emt 0:00:13]} 10. Nf3 {[%emt 0:02:53]} Nc6 {[%emt 0:03:49]} 11. Be3 {[%emt 0:02:06]} Ng4 {[%emt 0:02:01]} 12. Bxc5 {[%emt 0:03:13]} b6 {[%emt 0:01:01]} 13. h3 {[%emt 0:03:57]} Nge5 {[%emt 0:04:35]} 14. Be3 {[%emt 0:05:23]} Nxf3+ {[%emt 0:02:22]} 15. gxf3 {[%emt 0:00:11]} Rf8 {[%emt 0:01:43]} 16. Ke2 {[%emt 0:07:18]} Rc8 {[%emt 0:02:21]} 17. a3 {[%emt 0:21:00]} Na5 {[%emt 0:08:52]} 18. Rad1+ {[%emt 0:08:24]} Ke8 {[%emt 0:00:45]} 19. Bd4 {[%emt 0:03:23]} Bxd4 {[%emt 0:03:21]} 20. Rxd4 {[%emt 0:00:17]} Nc4 {[%emt 0:01:10]} 21. Nd1 {[%emt 0:01:11]} Ne5 {[%emt 0:02:08]} 22. Ne3 {[%emt 0:01:07]} Nxf3 {[%emt 0:01:02]} 23. Ra4 {[%emt 0:01:00]} Rc7 {[%emt 0:01:50]} 24. c3 {[%emt 0:01:36]} Ne5 {[%emt 0:01:25]} 25. Rd4 {[%emt 0:01:15]} Rc8 {[%emt 0:02:29]} 26. Ng4 {[%emt 0:03:34]} Nc4 {[%emt 0:02:06]} 27. Ne3 {[%emt 0:00:36]} Ne5 {[%emt 0:01:47]} 28. Ng4 {[%emt 0:00:11]} Nc4 {[%emt 0:04:09]} 29. Ne3 {[%emt 0:00:39]} Ne5 {[%emt 0:01:29]} 1/2-1/2

[Event "Mitropa Online Cup Open 2021"]
[Site "Hybrid"]
[Date "2021.05.04"]
[Round "2.17"]
[White "Bogner, Sebastian"]
[Black "Rogic, Davor"]
[Result "1-0"]
[WhiteElo "2577"]
[BlackElo "2492"]
[Annotator "TA"]
[PlyCount "127"]
[EventDate "2021.05.04"]
[EventType "team-tourn"]
[EventCountry "NET"]
[SourceTitle "playchess.com"]
[Source "ChessBase"]
[SourceQuality "1"]
[WhiteTeam "Switzerland"]
[BlackTeam "Croatia"]
[WhiteTeamCountry "SUI"]
[BlackTeamCountry "CRO"]

{[%evp 17,127,0,0,0,0,0,9,0,9,20,0,0,0,0,26,20,13,20,21,11,27,16,66,70,70,80,71,83,68,0,36,27,29,13,54,0,62,33,45,46,45,8,9,12,6,8,8,7,57,0,0,0,0,0,0,0,60,0,11,0,89,70,74,32,171,164,364,365,361,343,415,323,412,427,534,514,5206,242,597,245,242,227,176,91,380,377,29972,29973,29972,29972,29961,6319,29975,29976,29976,29976,29976,29976,29978,29979,29978,29979,29980,29981,29981,29982,29981,29982,29982,29983,29983,29984]} 1. e4 e5 2. Nf3 Nc6 3. Bc4 Bc5 4. c3 Nf6 5. d4 exd4 6. e5 d5 7. Bb5 Ne4 8. cxd4 Bb6 9. Nc3 O-O 10. Be3 {C54: Giuoco Piano: 4 c3 Nf6, main lines with 5 d4 and 5 d3.} Bg4 11. h3 Bh5 12. Qc2 {The position is equal.} Bg6 {[#] ...Nxc3 is the strong threat.} 13. Qb3 Ne7 14. O-O c6 {White must now prevent ...Nxc3.} 15. Bd3 Nf5 16. Qc2 Nxe3 17. fxe3 {[%cal Rc3e4]} Ng3 {And now ...Bxd3 would win.} 18. Bxg6 hxg6 19. Rf2 f5 {[#]} 20. h4 $146 ({Predecessor:} 20. Ne2 Ne4 21. Rff1 g5 22. Nd2 Qd7 23. a4 Ba5 24. Nc3 Rae8 25. Ndxe4 fxe4 26. Qe2 {½-½ (32) Aronian,L (2758)-Adams,M (2694) Batumi 2019}) 20... Qe8 21. Ne2 Ne4 22. Nf4 Bd8 23. Nh3 (23. g3 $14) 23... Rc8 24. Qb3 Rc7 (24... Nxf2 25. Nxf2 f4 26. Qxb7 $15) 25. Rc2 Rd7 (25... g5 $5 26. Nhxg5 (26. Nfxg5 Bxg5 27. Nxg5 Nxg5 $11) 26... Bxg5 27. Nxg5 Nxg5 28. hxg5 Qh5 $14) 26. Rac1 (26. Rf1 $14) 26... Kh7 ({Better is} 26... Bxh4 $11 27. Nxh4 g5) 27. g3 Rh8 28. Rg2 Kg8 29. Qd1 g5 30. Nfxg5 Bxg5 31. Nxg5 Nxg5 32. hxg5 g6 (32... Qg6 {seems wilder.} 33. Qf3 Qxg5 34. Qf4 Qh5 35. Rf1 Rf7) 33. Rh2 ({White should play} 33. b4 $14) 33... Rxh2 $11 34. Kxh2 {[%mdl 4096] Endgame KQR-KQR} Rh7+ 35. Kg2 Qe7 36. Qf3 Qb4 ({Black should try} 36... Qxg5 $11 37. Rh1 Rxh1 38. Kxh1 Kg7) 37. Qe2 (37. Qf2 $1 $14) 37... Rh5 38. Rf1 {Threatening Rxf5!} Rxg5 (38... Qe7 $1 $11 {keeps the balance.}) 39. Rh1 $16 c5 40. Rh4 (40. Qc2 {is interesting.} b6 41. Kf2 Kg7 42. Qc3 Qxc3 43. bxc3 Rg4 44. a4) 40... c4 (40... Kg7 $1 $14) 41. Kf3 Rg4 $2 (41... Qf8 42. Qh2 Qg7) 42. Rxg4 $18 fxg4+ 43. Kxg4 {KQ-KQ} Qe7 {[#]} 44. Qf3 $1 Qe6+ 45. Kg5 b5 {and the idea ...b4 leaves Black hopeful.} 46. e4 Qe7+ (46... dxe4 $142 47. Qxe4 Qe7+ 48. Kg4 Qe6+ 49. Kf3 Kg7) 47. Kf4 $2 (47. Qf6 Qxf6+ 48. Kxf6 dxe4 49. d5) 47... Qb4 (47... Qf8+ {is tougher.} 48. Ke3 Qh6+ 49. Qf4 Qh1) 48. Qf2 (48. exd5 $142 {Hoping for d6.} Qxb2 49. Kg5 Qxd4 50. Kf6 (50. Kxg6 Qd3+ 51. Qf5 Qxf5+ 52. Kxf5 c3 $16) 50... Qb6+ 51. d6 Qd8+ 52. Kxg6 Qe8+ 53. Kf5 Qd7+ 54. Ke4) 48... Qf8+ 49. Ke3 Qh6+ 50. Qf4 Qh2 {[%mdl 8192]} (50... Qh1 $16 {was necessary.}) 51. exd5 Qxb2 $2 (51... Qg1+ $18 52. Kd2 (52. Qf2 Qc1+ 53. Kf3 Qh1+ 54. Ke2 Qe4+ 55. Kd2 Qb1 $18) 52... Qb1) 52. d6 Qc1+ 53. Ke4 Qh1+ 54. Qf3 Qxf3+ 55. Kxf3 {KP-KP. White mates.} Kf7 56. d5 b4 57. Ke3 a5 58. Kd4 c3 59. Kd3 g5 60. g4 Ke8 61. e6 Kd8 62. d7 Ke7 63. d6+ Kd8 64. Kc2 {Weighted Error Value: White=0.31/Black=0.50} 1-0

[Event "Mitropa Online Cup Open 2021"]
[Site "Hybrid"]
[Date "2021.05.04"]
[Round "2.18"]
[White "Kovacevic, Blazimir"]
[Black "Studer, Noel"]
[Result "1/2-1/2"]
[WhiteElo "2410"]
[BlackElo "2579"]
[Annotator "ChessBase"]
[PlyCount "61"]
[EventDate "2021.05.04"]
[EventType "team-tourn"]
[EventCountry "NET"]
[SourceTitle "playchess.com"]
[Source "ChessBase"]
[SourceQuality "1"]
[WhiteTeam "Croatia"]
[BlackTeam "Switzerland"]
[WhiteTeamCountry "CRO"]
[BlackTeamCountry "SUI"]
[TimeControl "40/5400+30:1800+30"]

1. Nf3 {[%emt 0:00:00]} d5 {[%emt 0:00:04]} 2. g3 {[%emt 0:00:12]} Nf6 {[%emt 0:00:04]} 3. Bg2 {[%emt 0:00:05]} e6 {[%emt 0:00:06]} 4. O-O {[%emt 0:00:25]} c5 {[%emt 0:00:03]} 5. d4 {[%emt 0:00:13]} cxd4 {[%emt 0:00:04]} 6. Nxd4 {[%emt 0:00:03]} e5 {[%emt 0:00:03]} 7. Nb3 {[%emt 0:00:01]} Be6 {[%emt 0:00:43]} 8. c4 {[%emt 0:00:21]} Nc6 {[%emt 0:00:08]} 9. cxd5 {[%emt 0:00:07]} Nxd5 {[%emt 0:00:04]} 10. N1d2 {[%emt 0:00:13]} h6 {[%emt 0:03:18]} 11. Ne4 {[%emt 0:01:33]} Qb6 {[%emt 0:00:35]} 12. Nd6+ {[%emt 0:03:07]} Bxd6 {[%emt 0:00:03]} 13. Bxd5 {[%emt 0:00:03]} Bxd5 {[%emt 0:01:33]} 14. Qxd5 {[%emt 0:00:08]} Rd8 {[%emt 0:01:18]} 15. Be3 {[%emt 0:02:35]} Qa6 {[%emt 0:04:17]} 16. a4 {[%emt 0:07:31]} Qxe2 {[%emt 0:03:07]} 17. Qb5 {[%emt 0:04:06]} Qg4 {[%emt 0:10:52]} 18. Qxb7 {[%emt 0:03:03]} Qc8 {[%emt 0:00:06]} 19. Nc5 {[%emt 0:17:08]} O-O {[%emt 0:07:31]} 20. Rfd1 {[%emt 0:22:37]} Nd4 {[%emt 0:16:08]} 21. Qxc8 {[%emt 0:05:49]} Rxc8 {[%emt 0:01:39]} 22. Ne4 {[%emt 0:00:12]} Rfd8 {[%emt 0:00:18]} 23. Bxd4 {[%emt 0:22:29]} exd4 {[%emt 0:00:04]} 24. Nxd6 {[%emt 0:04:59]} Rxd6 {[%emt 0:00:55]} 25. Rd3 {[%emt 0:00:04]} Rc2 {[%emt 0:05:21]} 26. Rad1 {[%emt 0:00:17]} Rxb2 {[%emt 0:00:03]} 27. Rxd4 {[%emt 0:00:03]} Rxd4 {[%emt 0:00:42]} 28. Rxd4 {[%emt 0:00:04]} Ra2 {[%emt 0:00:02]} 29. Rd8+ {[%emt 0:01:25]} Kh7 {[%emt 0:00:03]} 30. Rd7 {[%emt 0:00:04]} Rxa4 {[%emt 0:00:03]} 31. Rxf7 {[%emt 0:00:03]} 1/2-1/2

[Event "Mitropa Online Cup Open 2021"]
[Site "Hybrid"]
[Date "2021.05.04"]
[Round "2.19"]
[White "Baenziger, Fabian"]
[Black "Zelcic, Robert"]
[Result "1-0"]
[WhiteElo "2400"]
[BlackElo "2539"]
[Annotator "ChessBase"]
[PlyCount "77"]
[EventDate "2021.05.04"]
[EventType "team-tourn"]
[EventCountry "NET"]
[SourceTitle "playchess.com"]
[Source "ChessBase"]
[SourceQuality "1"]
[WhiteTeam "Switzerland"]
[BlackTeam "Croatia"]
[WhiteTeamCountry "SUI"]
[BlackTeamCountry "CRO"]
[TimeControl "40/5400+30:1800+30"]

1. d4 {[%emt 0:00:00]} Nf6 {[%emt 0:00:57]} 2. c4 {[%emt 0:00:10]} e6 {[%emt 0:00:40]} 3. Nc3 {[%emt 0:00:15]} Bb4 {[%emt 0:00:10]} 4. e3 {[%emt 0:00:07]} b6 {[%emt 0:00:07]} 5. Nge2 {[%emt 0:00:15]} Ba6 {[%emt 0:02:08]} 6. a3 {[%emt 0:00:18]} Bxc3+ {[%emt 0:00:06]} 7. Nxc3 {[%emt 0:00:04]} d5 {[%emt 0:00:10]} 8. b3 {[%emt 0:00:24]} O-O {[%emt 0:00:09]} 9. Be2 {[%emt 0:00:07]} Qe7 {[%emt 0:02:57]} 10. O-O {[%emt 0:11:23]} Rd8 {[%emt 0:00:23]} 11. Qc2 {[%emt 0:10:33]} c5 {[%emt 0:01:04]} 12. dxc5 {[%emt 0:04:54]} bxc5 {[%emt 0:01:07]} 13. cxd5 {[%emt 0:04:37]} Bxe2 {[%emt 0:04:14]} 14. Nxe2 {[%emt 0:09:39]} Nxd5 {[%emt 0:22:45]} 15. Bb2 {[%emt 0:08:53]} Nd7 {[%emt 0:00:54]} 16. Rfd1 {[%emt 0:01:09]} Rab8 {[%emt 0:05:37]} 17. Ng3 {[%emt 0:08:37]} N5f6 {[%emt 0:07:18]} 18. Rac1 {[%emt 0:01:19]} Rb6 {[%emt 0:23:34]} 19. Rd3 {[%emt 0:06:54]} e5 {[%emt 0:06:54]} 20. Qc4 {[%emt 0:05:52]} Rdb8 {[%emt 0:04:51]} 21. Rcd1 {[%emt 0:01:20]} Nf8 {[%emt 0:00:12]} 22. Nf1 {[%emt 0:05:04]} h6 {[%emt 0:00:20]} 23. Nd2 {[%emt 0:00:32]} Ng6 {[%emt 0:01:08]} 24. h3 {[%emt 0:01:08]} Rd6 {[%emt 0:03:11]} 25. Nb1 {[%emt 0:04:34]} Rxd3 {[%emt 0:01:20]} 26. Rxd3 {[%emt 0:00:07]} Qb7 {[%emt 0:00:50]} 27. Nd2 {[%emt 0:01:03]} Qb6 {[%emt 0:00:44]} 28. Qc2 {[%emt 0:00:31]} Rd8 {[%emt 0:01:23]} 29. Nc4 {[%emt 0:00:36]} e4 {[%emt 0:02:50]} 30. Rxd8+ {[%emt 0:07:07]} Qxd8 {[%emt 0:00:07]} 31. Bxf6 {[%emt 0:00:01]} gxf6 {[%emt 0:00:08]} 32. Qxe4 {[%emt 0:00:24]} Qd1+ {[%emt 0:00:14]} 33. Kh2 {[%emt 0:00:01]} Qxb3 {[%emt 0:00:05]} 34. f4 {[%emt 0:01:46]} Qb8 {[%emt 0:01:49]} 35. Qd5 {[%emt 0:00:13]} Qc7 {[%emt 0:02:42]} 36. Nd6 {[%emt 0:00:05]} h5 {[%emt 0:02:26]} 37. Ne4 {[%emt 0:02:17]} c4 {[%emt 0:00:06]} 38. Nxf6+ {[%emt 0:00:21]} Kf8 {[%emt 0:00:14]} 39. Qa8+ {[%emt 0:00:07]} 1-0